Métodos de análisis regional (Record no. 83606)

MARC details
000 -LEADER
campo de control de longitud fija 00754nam a2200193 i 4500
001 - NÚMERO DE CONTROL
campo de control 83606
003 - IDENTIFICADOR DE NÚMERO DE CONTROL
campo de control ES-MaACL
005 - FECHA Y HORA DE LA ÚLTIMA TRANSACCIÓN
campo de control 20230906174849.0
007 - CAMPO FIJO DE DESCRIPCIÓN FÍSICA--INFORMACIÓN GENERAL
campo de control de longitud fija t|
008 - DATOS DE LONGITUD FIJA--INFORMACIÓN GENERAL
campo de control de longitud fija 041117s1973 sp ||||1| spa d
100 1# - ENTRADA PRINCIPAL--NOMBRE DE PERSONA
Nombre de persona Isard, Walter.
9 (RLIN) 65534
245 10 - MENCIÓN DEL TÍTULO
Título Métodos de análisis regional
Resto del título : una introducción a la ciencia regional /
Mención de responsabilidad, etc. por Walter Isard ; nota preliminar de Juan Hortalá Arau ; [traducción a cargo del Departamento de Teoría Económica de la Universidad de Barcelona].
250 ## - MENCION DE EDICION
Mención de edición [2ª ed.].
260 ## - PUBLICACIÓN, DISTRIBUCIÓN, ETC.
Lugar de publicación, distribución, etc. Barcelona :
Nombre del editor, distribuidor, etc. Ariel,
Fecha de publicación, distribución, etc. [1973]
300 ## - DESCRIPCIÓN FÍSICA
Extensión LII, 815 p. ;
Dimensiones 24 cm.
700 1# - ENTRADA AGREGADA--NOMBRE PERSONAL
Nombre de persona Hortalà i Arau, Joan.
9 (RLIN) 158761
710 2# - ENTRADA AGREGADA--NOMBRE DE ENTIDAD CORPORATIVA
Nombre de entidad corporativa o nombre de jurisdicción como elemento de entrada Universidad de Barcelona.
Unidad subordinada Departamento de Teoría Económica.
9 (RLIN) 7145
852 ## - LOCALIZACIÓN
Ubicación ES-MaACL
Número de control de estantería E-5862
Holdings
Estatus retirado Estado de pérdida Estado de daño No para préstamo Biblioteca de origen Biblioteca actual Ubicación en estantería Fecha de adquisición Fuente de adquisición Total de préstamos Signatura topográfica completa Código de barras Visto por última vez Precio de reemplazo Tipo de ítem Koha
        Biblioteca del Ateneo de Madrid Biblioteca del Ateneo de Madrid Depósito 2 17/01/2008     E-5862 1087381 23/02/2023 23/02/2023 Libro impreso